Organizácia spracovania miezd v podniku diplomová práca

Salvato in:
Dettagli Bibliografici
Autore principale: Bujdošová, Ivana
Ente Autore: Fakulta hospodárskej informatiky EU. Katedra účtovníctva a audítorstva
Altri autori: Kubaščíková, Zuzana, 1982-
Natura: Libro
Lingua:slovacco
Pubblicazione: Bratislava 2019
Tags: Aggiungi Tag
Nessun Tag, puoi essere il primo ad aggiungerne!!

MARC

LEADER 00000nbm a2200000 4500
001 0254190
005 20200110145353.1
041 0 |a slo 
044 |a SK 
245 1 0 |a Organizácia spracovania miezd v podniku  |b diplomová práca  |c Ivana Bujdošová ; školiteľ: Zuzana Kubaščíková 
264 1 |a Bratislava  |c 2019 
300 |a 66 s. 
100 1 |a Bujdošová, Ivana 
700 1 |a Kubaščíková, Zuzana, 1982- 
710 2 |a Fakulta hospodárskej informatiky EU. Katedra účtovníctva a audítorstva